000 01091nam a22002537a 4500
999 _c216494
_d216494
005 20260326164118.0
008 260326b ||||| |||| 00| 0 eng d
040 _aLC
_cUNZA
_eRDA
050 _aQH 582
_bROL 1977
100 _aRoland, claude-Jean
_eauthor
245 _aAtlas of cell biology /
_cJean-claude Roland, D.Sc. Professeur, Universite Paris VI; Annete Szollosi, D.Sc, Maitre-Assistant, Universite pIerre et Marie Curie; Daniel Szollosi, Ph.D. Professeur Asscie, Universite Paris-sud ; Translated from the French by Salvatore F.Vitale, Ph.D. and with additional material by James D.Jamieson M.D.., Yale University School of Medicine.
260 _aBoston :
_bLittle, Brown and Company,
_c1977.
300 _a117 pages :
_billustrations.
336 _aText
337 _aUnmediated
338 _aVolume
504 _aIncludes index.
650 _aCytology
_xAtlases
700 _aSzollosi, Annette D.Sc.
_eauthor
700 _aSzollosi, Daniel
_eauthor
700 _aVitale, Salvatore
_etranslator
700 _aJamieson, James D.
_eAdditional material
942 _cBOOK